| 000 | 00386nam a2200145Ia 4500 | ||
|---|---|---|---|
| 008 | 230917s9999||||xx |||||||||||||| ||und|| | ||
| 040 |
_e44090 _aMAIN |
||
| 041 | _aEnglish | ||
| 082 | _a294.6 G537P:G | ||
| 100 | _aPuran Singh | ||
| 245 | 0 | _aGuru Gobind Singh: Reflections and offerings | |
| 260 |
_aChandigarh _bGuru Gobind Singh Foundation _c1966 |
||
| 300 | _a119 p. | ||
| 942 | _cBK | ||
| 999 |
_c226108 _d226108 |
||